LEADER 01445nam0 22003251i 450 001 UON00435260 005 20231205104925.582 010 $a88-87377-16-2 100 $a20140204d2003 |0itac50 ba 101 $aita 102 $aIT 105 $a|||| ||||| 200 1 $aCarnevali viennesi: carnet di ballo dalla collezione Schwab-Trau di Vienna$fa cura di Laura Oretti, Lorenza Resciniti 205 $aTrieste : Comune$bAssessorato ai beni e alle attivitą culturali : Civici musei di storia ed arte 210 $a125 p.$cill. ; 24 cm 215 $aCatalogo della Mostra tenuta a Trieste nel 2003. 606 $aCOLLEZIONE SCHWAB-TRAU$xCataloghi$3UONC085099$2FI 606 $aVienna$xVita artistica e culturale$xSec. 19.$3UONC085098$2FI 620 $aIT$dTrieste$3UONL000829 676 $a793.3$cBALLI$v20 702 1$aORETTI$bLaura$3UONV219979 702 1$aRESCINITI$bLorenza$3UONV061027 712 $aCivici Musei Trieste$3UONV260123$4650 712 $aComune di Trieste$3UONV259697$4650 801 $aIT$bSOL$c20260213$gRICA 899 $aSIBA - SISTEMA BIBLIOTECARIO DI ATENEO E ARCHIVIO STORICO$2UONSI 912 $aUON00435260 950 $aSIBA - SISTEMA BIBLIOTECARIO DI ATENEO E ARCHIVIO STORICO$dSI CAT 223 $eSI 8117 7 996 $aCarnevali viennesi: carnet di ballo dalla collezione Schwab-Trau di Vienna$91328123 997 $aUNIOR